Návrh zlepšení v oblasti interných smerníc pre vedenie účtovníctva v spoločnosti ELE Advanced Technologies s.r.o.

Guardado en:
Detalles Bibliográficos
Autor principal: Urbančoková, Jana (Autor)
Otros Autores: Horváthová, Martina (Orientador)
Formato: Manuscrito Libro
Lenguaje:eslovaco
Publicado: 2017
Materias:
Acceso en línea:http://is.stuba.sk/zp/portal_zp.pl?podrobnosti=126701
Etiquetas: Agregar Etiqueta
Sin Etiquetas, Sea el primero en etiquetar este registro!

MARC

LEADER 00000ntm a22000003a 4500
001 stuzp63089
003 SK-STU
005 20170603210438.7
007 ta
008 150427s2015----xo-----f-mn---000-0-slo-d
040 |a STU  |b slo 
041 0 |a slo 
100 1 |a Urbančoková, Jana  |u 064000  |k Z4  |4 aut  |U MTF Materiálovotechnologická fakulta  |T MTF Ústav priemyselného inžinierstva a manažmentu  |X 47066  |U M4000  |Y 84  |7 47066 
242 0 1 |a Suggestion for improvements of the internal accounting guidelines in a company ELE Advanced Technologies s.r.o.  |y eng 
245 1 0 |a Návrh zlepšení v oblasti interných smerníc pre vedenie účtovníctva v spoločnosti ELE Advanced Technologies s.r.o. 
260 |c 2017 
650 4 |a účtovné smernice  |2 slo 
650 4 |a vnútorný predpis  |2 slo 
650 4 |a účtovníctvo  |2 slo 
650 4 |a accounting guidelines  |2 eng 
650 4 |a accounting  |2 eng 
650 4 |a internal regulation  |2 eng 
700 1 |a Horváthová, Martina  |u 064000  |k Z1  |4 ths  |U MTF Materiálovotechnologická fakulta  |T MTF Ústav priemyselného inžinierstva a manažmentu  |X 1507  |U M4000  |Y 84  |7 A000001507 
856 4 |u http://is.stuba.sk/zp/portal_zp.pl?podrobnosti=126701 
996 |c M* DP-13296  |l MMSKP  |s P  |a 0  |w stuzp63089_0001